Loading...

വി കെ കൃഷ്ണമേനോന്‍/

വി.കെ. കൃഷ്ണമേനോന്‍ ആരായിരുന്നു എന്നുപോലും ഇന്ന് പലര്‍ക്കും അറിയില്ലായിരിക്കും; സാധാരണക്കാര്‍ക്കു മാത്രമല്ല, രാഷ്ട്രീയപ്രബുദ്ധത അവകാശപ്പെടുന്നവര്‍ക്കും. രാഷ്ട്രീയരംഗത്ത് ധൈഷണികത ഇല്ലാതാകുന്ന ഈ കാലത്ത് അദ്ദേഹത്തെപ്പോലുള്ള ഒരു വ്യക്തിയുടെ ഓര്‍മയുണര്‍ത്തുന്നതും ഒരു രാഷ്ട്രീയ ധൈഷണിക പ്രവര്‍ത്തനമാണ്. ആ പ...

Full description

Bibliographic Details
Main Author: കേശവൻ, സി
Other Authors: George, T.J.S
Format: Printed Book
Published: Kozhikode Mathrubhumi Books 2017
Subjects:
LEADER 02935nam a22001937a 4500
999 |c 52002  |d 52002 
020 |a 9788182670631 
082 |a 923.2  |b JEO-V 
100 |a കേശവൻ, സി . 
245 |a വി കെ കൃഷ്ണമേനോന്‍/ 
260 |a Kozhikode  |b Mathrubhumi Books  |c 2017 
300 |a 359p. 
520 |a വി.കെ. കൃഷ്ണമേനോന്‍ ആരായിരുന്നു എന്നുപോലും ഇന്ന് പലര്‍ക്കും അറിയില്ലായിരിക്കും; സാധാരണക്കാര്‍ക്കു മാത്രമല്ല, രാഷ്ട്രീയപ്രബുദ്ധത അവകാശപ്പെടുന്നവര്‍ക്കും. രാഷ്ട്രീയരംഗത്ത് ധൈഷണികത ഇല്ലാതാകുന്ന ഈ കാലത്ത് അദ്ദേഹത്തെപ്പോലുള്ള ഒരു വ്യക്തിയുടെ ഓര്‍മയുണര്‍ത്തുന്നതും ഒരു രാഷ്ട്രീയ ധൈഷണിക പ്രവര്‍ത്തനമാണ്. ആ പ്രവര്‍ത്തനമാണ് ഈ പുസ്തകത്തിലൂടെ ടി.ജെ.എസ്. ജോര്‍ജ് നിര്‍വഹിക്കുന്നത്. - ടി.പി. രാജീവന്‍ ഇന്ത്യന്‍ രാഷ്ട്രീയത്തിലെ ഏറ്റവും വലിയ വിവാദനായകന്‍ എന്നു വിശേഷിപ്പിക്കപ്പെട്ടിരുന്ന വി.കെ. കൃഷ്ണമേനോന്റെ ജീവിതകഥ. വി.കെ. കൃഷ്ണമേനോന്റെ ഇതിഹാസതുല്യമായ ജീവിതത്തിലേക്കും ആധുനിക ഇന്ത്യയുടെ ചരിത്രത്തിലേക്കും വിസ്മയകരമായ അന്തര്‍ദര്‍ശനം നല്കുന്ന ജീവചരിത്രം. പ്രസിദ്ധീകരണത്തിന്റെ അന്‍പതിലധികം വര്‍ഷങ്ങള്‍ക്കു ശേഷവും ഇന്നും മികച്ച ജീവചരിത്ര ഗ്രന്ഥമായി നിലനില്ക്കുന്ന കൃതിയുടെ പരിഷ്‌കരിച്ച പുതിയ പതിപ്പ്. പരിഭാഷ കെ.എന്‍. ഗോപാലന്‍ നായര്‍ 
650 |a Biograpy- Political leader 
650 |a Biograpy- V.K. Krishnamenon 
650 |a Jeevitha samaram 
700 |a George, T.J.S 
942 |c BK 
952 |0 0  |1 0  |4 0  |6 923_200000000000000_JEOV  |7 0  |9 65900  |a KU  |b KU  |c GEN  |d 2018-06-30  |e Ad.D2/5736/2013 dtd.24/11/2017  |g 325.00  |l 1  |o 923.2 JEO-V  |p CL02667  |r 2019-04-09  |s 2019-03-19  |w 2018-06-30  |y BK